The Economics of Health and Health Care/ (Record no. 2819)
[ view plain ]
| 000 -LEADER | |
|---|---|
| fixed length control field | 00589nam a22001817a 4500 |
| 005 - DATE AND TIME OF LATEST TRANSACTION | |
| control field | 20250122150932.0 |
| 008 - FIXED-LENGTH DATA ELEMENTS--GENERAL INFORMATION | |
| fixed length control field | 250122b |||||||| |||| 00| 0 eng d |
| 020 ## - INTERNATIONAL STANDARD BOOK NUMBER | |
| International Standard Book Number | 9781138208056 |
| 050 ## - LIBRARY OF CONGRESS CALL NUMBER | |
| Classification number | RA410 |
| Item number | .F65 |
| 100 ## - MAIN ENTRY--PERSONAL NAME | |
| Personal name | Folland, Sherman |
| 245 ## - TITLE STATEMENT | |
| Title | The Economics of Health and Health Care/ |
| Remainder of title | international edition |
| Statement of responsibility, etc. | Sherman Folland, Allen C. Goodman, Miron Stano |
| 250 ## - EDITION STATEMENT | |
| Edition statement | 8th ed. |
| 260 ## - PUBLICATION, DISTRIBUTION, ETC. | |
| Place of publication, distribution, etc. | London and New York |
| Name of publisher, distributor, etc. | Routledge Taylor & Francis Group |
| Date of publication, distribution, etc. | 2017 |
| 300 ## - PHYSICAL DESCRIPTION | |
| Extent | 751p. |
| Other physical details | ill. |
| Dimensions | 24.5cm |
| 700 ## - ADDED ENTRY--PERSONAL NAME | |
| Personal name | Goodman, Allen C. |
| 700 ## - ADDED ENTRY--PERSONAL NAME | |
| Personal name | Stano, Miron |
| 942 ## - ADDED ENTRY ELEMENTS (KOHA) | |
| Source of classification or shelving scheme | Library of Congress Classification |
| Koha item type | Books |
| Edition | 8th ed. |
| Suppress in OPAC | No |
| 999 ## - | |
| -- | 2819 |
| -- | 2819 |
| Withdrawn status | Lost status | Source of classification or shelving scheme | Damaged status | Not for loan | Collection | Home library | Current library | Shelving location | Date acquired | Total checkouts | Full call number | Barcode | Date last seen | Copy number | Price effective from | Koha item type |
|---|---|---|---|---|---|---|---|---|---|---|---|---|---|---|---|---|
| Library of Congress Classification | Non-fiction | Science Library (Miotso) | Science Library (Miotso) | General stacks | 01/22/2025 | RA410 .F65 FOL | SLM00002191 | 01/22/2025 | 1 | 01/22/2025 | Books |